| 000 | 00559nam a2200169Ia 4500 | ||
|---|---|---|---|
| 003 | IN-BaIIA | ||
| 008 | 211028s9999 xx 000 0 eng d | ||
| 020 | _a92-9092-120 | ||
| 040 | _cIIA Library | ||
| 080 |
_a083.8:524.3 _bESA-3 |
||
| 100 |
_aTuron, C. _920142 |
||
| 245 | 4 |
_aThe hipparcos input catalogue:vol 3, right ascension:9h-13h hic:44101-68389 _cC. Turon |
|
| 260 |
_aThe Netherlands _bEuropean Space Agency _c1992 |
||
| 300 | _a890-1373p. | ||
| 650 |
_aAstronomy, Hipparcos catalogue _920143 |
||
| 942 | _cBK | ||
| 999 |
_c11654 _d11654 |
||